000
00319nam a2200133Ia 4500
008
100328s9999 xx 000 0 und d
082
_b
2072
100
_a
Slim William
245
_a
Defeat Into Victory
260
_b
Cassell & Co.
630
_a
Defeat Into Victory
730
_a
Defeat Into Victory
942
_c
BOOK
999
_c
498305
_d
498302